| 000 | 00948nam a22002537a 4500 | ||
|---|---|---|---|
| 005 | 20101213105522.0 | ||
| 008 | 101213t xxu||||| |||| 00| 0 eng d | ||
| 010 | _aENG-101784 | ||
| 020 |
_c595.00 _a9788120342101 |
||
| 035 | _aEN-85317 | ||
| 037 | _bDBAD / PUB | ||
| 040 |
_adpl _bEng |
||
| 082 | _a658.40071173 | ||
| 100 |
_aWhetten, David A. _924733 |
||
| 245 | 1 |
_aDeveloping management skills / _cby David A.Whetten [and] Kim S. Cameron |
|
| 250 | _a8th ed | ||
| 260 |
_aNew Delhi _bPrentice-Hall of India _c2011 |
||
| 270 |
_aM-97, Connaught Circus, _bNew Delhi _e110 001 |
||
| 300 |
_axxi, 720p. _c28cm (pbk) |
||
| 500 | _aIncludes bibliographical references and index | ||
| 700 |
_aCameron, Kim S. _924734 |
||
| 942 |
_adpl _cEN _2ddc _h658.40071173 _mWHE |
||
| 999 |
_c49088 _d49088 |
||